Existencia, subjektivita, etika. Reflexia Kierkegaarda v nemeckej a francúzskej fenomenológii

Kontext vzniku fenomenologickej recepcie Kierkegaarda: kierkegaardovská renesancia. Heidegger a otázka existencie. Tri spisy z roku 1941, v ktorých sa Heidegger najpodrobnejšie zaoberá Kierkegaardom. Levinas a Henry: od subjektivity k etike a späť. Prieniky, napätia, protirečenia a ďalší smer výskum...

Ausführliche Beschreibung

Gespeichert in:
Bibliographische Detailangaben
1. Verfasser: Šajda, Peter
Format: Buchkapitel
Sprache:Slowakisch
Schlagworte:
Tags: Tag hinzufügen
Keine Tags, Fügen Sie das erste Tag hinzu!

MARC

LEADER 00000naa a2200000 4500
001 0264278
005 20200629093729.4
041 0 |a slo 
044 |a SK 
245 1 0 |a Existencia, subjektivita, etika. Reflexia Kierkegaarda v nemeckej a francúzskej fenomenológii  |c Peter Šajda 
520 |a Kontext vzniku fenomenologickej recepcie Kierkegaarda: kierkegaardovská renesancia. Heidegger a otázka existencie. Tri spisy z roku 1941, v ktorých sa Heidegger najpodrobnejšie zaoberá Kierkegaardom. Levinas a Henry: od subjektivity k etike a späť. Prieniky, napätia, protirečenia a ďalší smer výskumu. 
610 2 0 |a filozofia 
610 2 0 |a filozofi 
610 2 0 |a etika 
610 2 0 |a náboženstvo 
100 1 |a Šajda, Peter